| 000 | 00658nam a2200145 a 4500 | ||
|---|---|---|---|
| 008 | 131002s2008 ||||||||||||||||| || u | ||
| 020 | _a9780751746587 | ||
| 050 | _aKB 115 Ass | ||
| 110 | _aAssociation of Chartered Certified Accountants (ACCA) | ||
| 245 | 1 | 0 |
_aACCA pass cards: fundamentals paper F4: Corporated and business law (English) for exams in 2008 _cby The association of chartered certified accountants |
| 260 |
_aLondon: _bBPP Learning Media Ltd _c2008 |
||
| 300 | _aiii, 171p.: ill. | ||
| 650 | _aCOMMERCIAL LAW | ||
| 995 |
_FCBU-MAIN LIBRARY (Kitwe) _M1 _UAVAILABLE _WOct 15, 2013 _ZShort Loan Collection |
||
| 999 |
_c33232 _d33232 |
||